000 00714nam a2200241Ia 4500
008 191130s1997##################000#0#eng##
020 _a9780521565677
022 _a96035419
040 _aACL
_cACL
082 _a320 HIN
100 _aHinich, Melvin J
245 _aAnalytical politics
_cMelvin J. Hinich, Michael C. Munger
260 _aCambridge
_bCambridge University Press
_c1997
300 _axii, 253 p. : ill. ; 24 cm
500 _aIncludes bibliographical references (p. 225-240) and index
650 _aPolitical science
650 _aSocial choice
650 _aVoting
700 _aMunger, Michael C
990 _a90849be9ac10000c5d91c3de379dfbc0
991 _a203801
999 _c369704
_d369704